00465nam a22001457a 4500008004100000041000800041080002000049082002000069100000700089101000800096245006700104942001200171999001700183952011900200180214b xxu||||| |||| 00| 0 eng d aeng a331.101.262 STA a331.101.262 STA a52 aBNJ aPsychological foundations of organizational behaviorcStaw,B.M 2udccBK c42508d42508 00102udc40708PËKGa002b002cPËKGd2018-02-14l0o331.101.262 STAp002-2998225r2018-02-14w2018-02-14yBK